000 00740nam a22002297a 4500
999 _c4757
_d4757
003 AR-CdUCM
008 190311b ||||| |||| 00| 0 spa d
040 _aMUNICIPALIDAD PROVINCIAL DEL CUSCO
_cBIBLIOTECA MUNICIPAL DEL CUSCO
082 _a869.624 /
_bR696
100 _aRodriguez Castelo, Hernan
_914691
245 _aTeatro Ecuatoriano /
260 _aQuito :
_bAriel.
300 _a186 páginas ;
_c17 cm.
440 _aClásicos Ariel
_n17
_914725
500 _aDonación familia Luis Nieto
505 _aContenido: Arenga -- Sainete del Mercachifle -- Recetas para viaja.
650 _aTeatro ecuatoriano
_911916
650 _aComedia ecuatoriana
_914726
650 _aMercachifle
_914727
942 _2ddc
_cLIBROS
945 _adavv